000 00417nam a22001697a 4500
005 20180323171425.0
008 160625b xxu||||| |||| 00| 0 eng d
020 _a81-203-1210-4
041 _aeng
082 _b9951
_a338.5
100 _aNellis, Joseph G and Parbar, David
_92652
245 _aThe Essence of Business Economics
260 _bPHI
_c2004
300 _a218
650 _aManagement
_9241
942 _cBK
999 _c3913
_d3912